| 000 | 00993cam a22003257a 4500 | ||
|---|---|---|---|
| 003 | CHAP | ||
| 005 | 20220329141136.0 | ||
| 008 | 971010s1982 mx r 00010 spa d | ||
| 010 | _a63297 | ||
| 011 | _a64269 | ||
| 020 | _a9684120249 | ||
| 035 | _a69545 | ||
| 040 | _cCHAP | ||
| 082 | 1 | 0 |
_a510.83 _bC11 1982 |
| 100 | 0 | 0 |
_aCaballero Caballero, Arquímedes. _916541 |
| 245 | 1 | 0 |
_aTablas matemáticas _c/por Arquímides Caballero C. |
| 250 | _a26 ed. | ||
| 260 |
_aMéxico : _bEsfinge, _c1982 |
||
| 300 | _a63 p. | ||
| 590 |
_aBATCH-UPD _b10 _c20130110 _lUCH01 _h0626 |
||
| 590 |
_aBATCH-UPD _b10 _c20130410 _lUCH01 _h0309 |
||
| 590 |
_aBATCH-UPD _b10 _c20130914 _lUCH01 _h0610 |
||
| 590 |
_aCONVERSION _b10 _c20130109 _lUCH01 _h1334 |
||
| 650 | 1 | 4 |
_aMatemáticas _xTablas. _972911 |
| 700 | 0 |
_aBernárdez G., Jesús. _911954 |
|
| 700 | 0 |
_aMartínez C., Lorenzo. _971878 |
|
| 901 | _aBK | ||
| 942 | _cLIBRO | ||
| 949 |
_a510.83 C11 _bBC _cLIBRO _d33724002243040 _eLIBRO _gDonaciØn _h115240 _i69545 _st |
||
| 999 |
_c63297 _d63297 |
||